000 00966nam2a2200265 4500
001 RU\NLR\BIBL_A\022641274
005 20251128163146.0
010 _a978-5-907899-80-3
_9300
021 _aRU
_bКН-П-25-051115
_9КН-П-25-4944
035 _a(NLR Aleph) 022641274
090 _a13472063
_c13472063
100 _a20251010d2025 u y0rusy50 ca
101 0 _arus
102 _aRU
105 _aa j 000zy
200 0 _a[Ч. 1]
210 _d2025
215 _a142 с.
_cил.
461 0 _1001RU\NLR\BIBL_A\022641269
_12001#$aБалансовый метод проектирования одежды$eпошаговое руководство$fУспенская Г. С.$v[Ч. 1]
_1700#1$aУспенская$bГ. С.$gГалина Сергеевна
606 1 _aЮбки
_xКонструирование
_92017362
_3RU\NLR\AUTH\661213114
686 1 _aМ414.4-2
942 _cBOOK
980 _aNB